Pays frontaliers de la Zambie - Statistiques

Statistiques générales
  • Ce quiz a été pris 34 fois
  • Le résultat moyen est 8 sur 8
Statistiques - réponses
Km Pays % Correct
1 930 République démocratique du Congo
100%
797 Zimbabwe
100%
0,15 Botswana
97%
419 Mozambique
97%
837 Malawi
94%
1 110 Angola
91%
338 Tanzanie
91%
233 Namibie
85%
Aucun quiz correspondant
Distribution des résultats
% des personnes avec chaque résultat
Percentile par nombre de réponses
Votre historique - résultats
Vous n’avez pas pris ce quiz